A dialogue, between a southern delegate, and his spouse, on his return from the grand Continental congress : A fragment, inscribed to the married ladies of America, by their most sincere, and affectionate friend, and servant, Mary V. V. [pseud.

Bibliographic Details
Other Authors: Mary V. V., pseud, V., Mary V., pseud, Jefferson, Thomas, 1743-1826
Format: Book
Language:English
Published: New York : James Rivington?], 1774.
Subjects:

MARC

Tag First Indicator Second Indicator Subfields
LEADER 00000cam a2200000 4500
001 in00000665394
005 20151015083019.0
008 800924r1774 miu a 00000 eng d
035 |a (OCoLC)06746026 
035 |9 ACX9918AM 
040 |a EEU  |c TXA  |d UtOrBLW 
049 |a TXAI 
090 |a E298  |b .D503 
099 |a film  |a B  |a 1512  |a reel  |a 15.182 
245 0 2 |a A dialogue, between a southern delegate, and his spouse, on his return from the grand Continental congress :  |b A fragment, inscribed to the married ladies of America, by their most sincere, and affectionate friend, and servant, Mary V. V. [pseud. 
264 1 |a New York :  |b James Rivington?],  |c 1774. 
300 |a 14 pages ;  |c 20 cm. 
336 |a text  |b txt  |2 rdacontent 
337 |a microform  |b h  |2 rdamedia 
338 |a microfilm reel  |b hd  |2 rdacarrier 
500 |a Sometimes attributed to Thomas Jefferson. 
500 |a Microfilm. Ann Arbor, Mich. University Microfilms (n.d.) (American Culture Series, Reel 15.182) 
500 |a Microform. 
610 1 0 |a United States.  |b Continental Congress  |d (1774) 
651 0 |a United States  |x History  |y Revolution, 1775-1783  |x Caricatures and cartoons. 
651 0 |a United States  |x History  |y Revolution, 1775-1783  |v Poetry. 
700 0 |a Mary V. V.,  |c pseud. 
700 1 |a V., Mary V.,  |c pseud. 
700 1 |a Jefferson, Thomas,  |d 1743-1826. 
999 |a MARS 
999 f f |s d479b71d-f54a-3171-b630-6aac61946901  |i a96c0cfd-1b58-35f6-8f59-3a0098e2331a  |t 0 
952 f f |p default  |a Texas A&M University  |b College Station  |c Sterling C. Evans Library  |d Evans: Microforms (3rd floor)  |t 0  |e film B 1512 reel 15.182  |h Other scheme  |i microform -- microfilm reel 
998 f f |a film B 1512 reel 15.182  |t 0  |l Evans: Microforms (3rd floor)